NPB通算150本塁打達成者 - Statistics

General Stats
  • This quiz has been taken 41 times
  • The average score is 71 of 182
Answer Stats
Hint Answer % Correct
868 王貞治
97%
510 落合博満
97%
444 長嶋茂雄
97%
275 山川穂高
90%
246 村上宗隆
90%
332 松井秀喜
87%
248 岡本和真
87%
657 野村克也
84%
525 清原和博
84%
481 中村剛也
84%
167 | 464 ローズ
84%
406 阿部慎之助
84%
311 山田哲人
84%
298 坂本勇人
84%
380 ラミレス
81%
301 バレンティン
81%
268 柳田悠岐
81%
504 張本勲
77%
476 金本知憲
77%
404 中村紀洋
77%
319 新井貴浩
77%
289 丸佳浩
77%
217 古田敦也
77%
204 T-岡田
77%
536 山本浩二
74%
504 衣笠祥雄
74%
413 小久保裕紀
74%
403 山崎武司
74%
382 原辰徳
74%
357 カブレラ
74%
567 門田博光
71%
474 田淵幸一
71%
360 村田修一
71%
321 高橋由伸
71%
285 福留孝介
71%
247 岡田彰布
71%
202 バース
71%
201 松井稼頭央
71%
349 掛布雅之
68%
309 中田翔
68%
233 ペタジーニ
68%
486 大杉勝男
65%
437 秋山幸二
65%
378 小笠原道大
65%
306 浅村栄斗
65%
240 ウッズ
65%
232 筒香嘉智
65%
205 新庄剛志
65%
196 内川聖一
65%
277 ブーマー
61%
261 稲葉篤紀
61%
229 谷繁元信
61%
182 鈴木誠也
61%
181 川上哲治
61%
181 ブランコ
61%
251 井口資仁
58%
244 城島健司
58%
171 立浪和義
58%
352 松中信彦
55%
301 松田宣浩
55%
295 前田智徳
55%
319 和田一浩
52%
304 池山隆寛
52%
283 リー
52%
195 ソト
52%
158 宮崎敏郎
52%
150 大山悠輔
52%
465 土井正博
48%
230 小鶴誠
48%
224 藤村富美男
48%
209 中島宏之
48%
165 森野将彦
48%
364 江藤智
45%
287 田中幸雄
45%
259 ブライアント
45%
160 デストラーデ
45%
396 山内一弘
42%
208 福本豊
42%
198 ロペス
42%
171 クロマティ
42%
169 野村謙二郎
42%
163 長野久義
42%
244 中西太
39%
241 緒方孝市
39%
159 李承燁
39%
382 大島康徳
35%
367 江藤慎一
35%
292 真弓明信
35%
195 駒田徳広
35%
193 岩村明憲
35%
338 宇野勝
32%
246 榎本喜八
32%
171 糸井嘉男
32%
347 加藤英司
29%
331 松原誠
29%
306 広澤克実
29%
236 高木守道
29%
236 石毛宏典
29%
195 多村仁志
29%
194 柴田勲
29%
164 片岡篤史
29%
159 桧山進次郎
29%
154 仁志敏久
29%
153 栗原健太
29%
348 有藤通世
26%
338 長池徳士
26%
273 谷沢健一
26%
265 青田昇
26%
232 初芝清
26%
213 レアード
26%
207 藤田平
26%
201 大下弘
26%
172 セギノール
26%
171 中畑清
26%
277 大豊泰昭
23%
268 レオン
23%
263 豊田泰光
23%
220 若松勉
23%
206 フェルナンデス
23%
173 二岡智宏
23%
153 ゴメス
23%
246 ジョーンズ
19%
204 簑田浩二
19%
184 デスパイネ
19%
163 高橋慶彦
19%
162 石井浩郎
19%
282 藤井康雄
16%
270 山崎裕之
16%
269 石嶺和彦
16%
224 杉浦享
16%
212 西沢道夫
16%
209 白仁天
16%
183 飯田徳治
16%
161 アリアス
16%
156 伊東勤
16%
285 木俣達彦
13%
278 田代富雄
13%
232 マルカーノ
13%
203 松永浩美
13%
170 佐々木誠
13%
244 水谷実雄
10%
218 シピン
10%
216 竹之内雅史
10%
215 栗橋茂
10%
189 鈴木健
10%
156 佐伯貴弘
10%
153 吉永幸一郎
10%
152 スペンサー
10%
209 杉山悟
6%
205 アルトマン
6%
189 森徹
6%
189 マニエル
6%
183 堀幸一
6%
171 小早川毅彦
6%
160 ウインタース
6%
155 別当薫
6%
232 柏原純一
3%
223 桑田武
3%
192 鈴木貴久
3%
189 マーチン
3%
189 基満男
3%
183 ロバーツ
3%
171 山本一義
3%
155 ソレイタ
3%
229 島谷金二
0%
225 羽田耕一
0%
180 古屋英夫
0%
177 藤井弘
0%
176 片平晋作
0%
175 山本和範
0%
174 葛城隆雄
0%
171 大田卓司
0%
168 高倉照幸
0%
166 関口清治
0%
166 ライトル
0%
162 小川亨
0%
156 池辺豪則
0%
155 井上弘昭
0%
154 中田昌宏
0%
152 伊藤勲
0%
150 佐藤孝夫
0%
No matching quizzes found
Score Distribution
Percent of People with Each Score
Percentile by Number Answered
Your Score History
You have not taken this quiz